سمسم و فلفل / (رقم التسجيلة. 59462)
[ عرض عادي ]
| 000 -LEADER | |
|---|---|
| fixed length control field | 00657nam a22002057a 4500 |
| 005 - DATE AND TIME OF LATEST TRANSACTION | |
| control field | 20251108171218.0 |
| 008 - FIXED-LENGTH DATA ELEMENTS--GENERAL INFORMATION | |
| fixed length control field | 250721s2000 xx 000 0 ara d |
| 082 14 - DEWEY DECIMAL CLASSIFICATION NUMBER | |
| Classification number | ط/ 372.21/سبع |
| 100 1# - MAIN ENTRY--PERSONAL NAME | |
| Personal name | سبع، منى |
| 245 10 - TITLE STATEMENT | |
| Title | سمسم و فلفل / |
| 264 1# - PRODUCTION, PUBLICATION, DISTRIBUTION, MANUFACTURE, AND COPYRIGHT NOTICE | |
| Place of production, publication, distribution, manufacture | بيروت : |
| Name of producer, publisher, distributor, manufacturer | أصالة للنشر، |
| Date of production, publication, distribution, manufacture, or copyright notice | [2000]. |
| 300 ## - PHYSICAL DESCRIPTION | |
| Extent | [16 ص] |
| 490 0# - SERIES STATEMENT | |
| Series statement | كلمة كلمة : المرحلة الأولى |
| Volume/sequential designation | 2 |
| 650 17 - SUBJECT ADDED ENTRY--TOPICAL TERM | |
| Topical term or geographic name as entry element | تعليم القراءة |
| 650 17 - SUBJECT ADDED ENTRY--TOPICAL TERM | |
| Topical term or geographic name as entry element | التعليم ما قبل المدرسة |
| 653 ## - INDEX TERM--UNCONTROLLED | |
| Uncontrolled term | أطفال مرحلة متوسطة (6-9 سنوات) |
| 700 1# - ADDED ENTRY--PERSONAL NAME | |
| Personal name | السيد، شريف |
| Relator term | Cart. |
| 942 ## - ADDED ENTRY ELEMENTS (KOHA) | |
| Source of classification or shelving scheme | Dewey Decimal Classification |
| Koha item type | كتب |
| حالة السحب | حالة الفقدان | مصدر التصنيف | حالة التلف | غير قابل للإعارة | المكتبة الرئيسية | المكتبة الحالية | موقع الرف | تاريخ التزويد | الرقم المتسلسل | Total Checkouts | رقم الإستدعاء | الباركود | تاريخ آخر ظهور | تاريخ الفاتورة | نوع المادة (كوها) |
|---|---|---|---|---|---|---|---|---|---|---|---|---|---|---|---|
| Dewey Decimal Classification | مكتبة أم المؤمنين للأطفال | مكتبة أم المؤمنين للأطفال | الأطفال | 28/07/2025 | 525532 | ط/ 372.21/سبع | 525532 | 28/07/2025 | 28/07/2025 | كتب | |||||
| Dewey Decimal Classification | مكتبة الياسمين للأطفال | مكتبة الياسمين للأطفال | الأطفال | 01/04/2014 | 558837 | ط/ 372.21/سبع | PLD00297456 | 28/07/2025 | 01/04/2014 | كتب |